| 000 | 00433nam a2200157Ia 4500 | ||
|---|---|---|---|
| 999 |
_c19419 _d19419 |
||
| 003 | OSt | ||
| 005 | 20200701112737.0 | ||
| 008 | 190216s9999||||xx |||||||||||||| ||und|| | ||
| 040 | _coclc | ||
| 082 |
_a909 _bLAN/A |
||
| 100 |
_aLane-Poole, Stanley _92361 |
||
| 245 | 0 |
_aAurangzib / _cStanley Lane-Poole |
|
| 260 |
_bS Chand & Co, _c1971. _aDelhi: |
||
| 300 | _a206p | ||
| 942 |
_cBK _2ddc _h909 _iLAN/A _k909 _mLAN/A |
||